000
00287nam a22001337a 4500
008
170911b xxu||||| |||| 00| 0 eng d
020
_a
2900495108923
041
_a
eng
080
_2
2ND
_a
52
100
_a
42
101
_a
AST
245
_a
METEOROLOGY
_c
ACKERMAN,S.A
942
_2
udc
_c
BK
999
_c
27105
_d
27105